[Event "Landsturneringen 2015"]
[Site "Oppsal arena, Oslo"]
[Date "2015.07.04"]
[Round "1"]
[White "Mihajlov, Sebastian"]
[Black "Kjøita, Torgeir Jakhelln"]
[Result "1-0"]
[WhiteElo "2246"]
[BlackElo "2000"]
[PlyCount "51"]
[EventDate "2015.??.??"]

1. d4 Nf6 2. c4 c5 3. d5 e6 4. Nc3 exd5 5. cxd5 d6 6. e4 g6 7. Nf3 Bg7 8. Nd2
O-O 9. Be2 Re8 10. O-O a6 11. a4 Qc7 12. Kh1 Nbd7 13. f4 Rb8 14. Qc2 Nf8 15. a5
b5 16. axb6 Rxb6 17. Nc4 Rb4 18. Bd3 N8d7 19. Bd2 Rb8 20. Na5 Nb6 21. Nc6 Ra8
22. b3 Bd7 23. Bxa6 Bxc6 24. dxc6 Ng4 25. Qd3 Qe7 26. Qf3
1-0

[Event "Landsturneringen 2015"]
[Site "Oppsal arena, Oslo"]
[Date "2015.07.04"]
[Round "1"]
[White "Dahl, Trygve"]
[Black "Haldorsen, Benjamin"]
[Result "0-1"]
[WhiteElo "1968"]
[BlackElo "2194"]
[PlyCount "86"]
[EventDate "2015.??.??"]

1. e4 e5 2. Nf3 Nc6 3. d4 exd4 4. Nxd4 Nf6 5. Nc3 Bb4 6. Nxc6 bxc6 7. Bd3 d5 8.
exd5 cxd5 9. O-O O-O 10. Bg5 c6 11. Qf3 h6 12. Bf4 c5 13. Be5 Ng4 14. Bg3 Nf6
15. Be5 Be6 16. Ne2 Ba5 17. Ng3 Ng4 18. Bf4 Bc7 19. Nf5 Bxf4 20. Qxf4 Qg5 21.
Qxg5 hxg5 22. Ne7+ Kh8 23. Bf5 Bxf5 24. Nxf5 Rab8 25. h3 Nf6 26. b3 g6 27. Ne3
Rfe8 28. Rfe1 Kg7 29. Rad1 d4 30. Nc4 Ne4 31. f3 Nc3 32. Ra1 Rxe1+ 33. Rxe1
Nxa2 34. Re7 Nb4 35. Nd6 Nxc2 36. Rxf7+ Kg8 37. Rf6 d3 38. Nc4 Kg7 39. Rc6 Rxb3
40. Rxc5 Rc3 41. Rc7+ Kh6 42. Rd7 Rxc4 43. Rxd3 a5
0-1

[Event "Landsturneringen 2015"]
[Site "Oppsal arena, Oslo"]
[Date "2015.07.04"]
[Round "1"]
[White "Haug, Johannes"]
[Black "Machlik, Jon"]
[Result "1-0"]
[WhiteElo "2179"]
[BlackElo "1929"]
[PlyCount "89"]
[EventDate "2015.??.??"]

1. e4 e5 2. Nf3 Nc6 3. Bb5 a6 4. Bxc6 dxc6 5. O-O Bg4 6. h3 h5 7. d3 Bxf3 8.
Qxf3 Qf6 9. Qxf6 Nxf6 10. f4 Bc5+ 11. Kh2 exf4 12. Bxf4 O-O-O 13. Nd2 Rd7 14.
Nc4 Rhd8 15. Bg5 Be7 16. Rf5 Re8 17. Kh1 Rd4 18. Nd2 Rb4 19. b3 Rb5 20. Raf1
Ng8 21. Bxe7 Rxe7 22. Rxf7 Kd7 23. Nc4 Nf6 24. Rxe7+ Kxe7 25. a4 Rg5 26. Ne3 g6
27. Nc4 b5 28. Nb2 Ke6 29. axb5 axb5 30. Nd1 Ke5 31. Kh2 h4 32. Ne3 Rg3 33. Nd1
Nh5 34. Nf2 Kd4 35. Ng4 Kc3 36. Rf2 g5 37. e5 Ng7 38. Re2 Ne6 39. Rf2 Kd4 40.
Rf6 Kd5 41. c4+ bxc4 42. dxc4+ Kc5 43. Rxe6 Rxb3 44. Rg6 Kxc4 45. Rxc6+
1-0

[Event "Landsturneringen 2015"]
[Site "Oppsal arena, Oslo"]
[Date "2015.07.04"]
[Round "1"]
[White "Grønn, Eskil Ekeland"]
[Black "Tryggestad, Andreas G"]
[Result "0-1"]
[WhiteElo "1924"]
[BlackElo "2139"]
[PlyCount "100"]
[EventDate "2015.??.??"]

1. d4 Nf6 2. Nf3 g6 3. Bf4 d5 4. Nc3 Bg7 5. Qd2 O-O 6. Bh6 Bf5 7. Bxg7 Kxg7 8.
O-O-O Nbd7 9. Nh4 Be6 10. f3 c5 11. e4 cxd4 12. Qxd4 dxe4 13. Nxe4 Qb6 14. Bc4
Bxc4 15. Nxf6 Nxf6 16. Qxc4 Rac8 17. Qb3 Qxb3 18. axb3 Rc5 19. g3 Rfc8 20. c3
Nd5 21. Rhe1 e6 22. Rd3 Rb5 23. c4 Rbc5 24. Kd2 Nf6 25. Ng2 R8c7 26. Ne3 Nd7
27. f4 Nf6 28. Rd4 e5 29. fxe5 Rxe5 30. Nd5 Rxe1 31. Kxe1 Nxd5 32. Rxd5 f5 33.
Ke2 Kf6 34. h4 Re7+ 35. Kf3 h6 36. Rd6+ Re6 37. Rxe6+ Kxe6 38. b4 a6 39. Ke3
Ke5 40. b5 axb5 41. cxb5 b6 42. Kf3 g5 43. hxg5 hxg5 44. Ke3 Kd5 45. Kd3 Kc5
46. Ke3 Kc4 47. b3+ Kc3 48. g4 fxg4 49. Ke4 Kxb3 50. Kd5 Kb4
0-1

[Event "Landsturneringen 2015"]
[Site "Oppsal arena, Oslo"]
[Date "2015.07.04"]
[Round "1"]
[White "Risting, Eivind Olav"]
[Black "Nordquelle, Daniel"]
[Result "1-0"]
[WhiteElo "2087"]
[BlackElo "1870"]
[PlyCount "81"]
[EventDate "2015.??.??"]

1. d4 d5 2. c4 c6 3. Nf3 Nf6 4. Nc3 e6 5. Bg5 Be7 6. e3 O-O 7. Qc2 Nbd7 8. cxd5
exd5 9. Bd3 Re8 10. O-O-O Nf8 11. Kb1 a5 12. Na4 b5 13. Nc5 N6d7 14. Nxd7 Bxd7
15. Bxe7 Qxe7 16. Ne5 Rec8 17. Nxd7 Nxd7 18. Bxh7+ Kf8 19. Bf5 a4 20. Rc1 Rc7
21. h4 Nb6 22. h5 Nc4 23. Bd3 Qd6 24. Qe2 Qb4 25. Ka1 Nd2 26. Rc3 Nc4 27. a3
Qd6 28. Bxc4 dxc4 29. g4 Rca7 30. Ka2 b4 31. axb4 a3 32. b3 cxb3+ 33. Rxb3 Qd5
34. Rc1 Ra4 35. Rc5 Qh1 36. b5 cxb5 37. Rbxb5 Qg2 38. g5 Qh3 39. Qc2 Qxh5 40.
Rc8+ Ke7 41. Qc5+
1-0

[Event "Landsturneringen 2015"]
[Site "Oppsal arena, Oslo"]
[Date "2015.07.04"]
[Round "1"]
[White "Skagen, Bjørn"]
[Black "Kjøita, Henning Jakhelln"]
[Result "0-1"]
[WhiteElo "1846"]
[BlackElo "2052"]
[PlyCount "64"]
[EventDate "2015.??.??"]

1. d4 c5 2. d5 d6 3. Nf3 g6 4. g3 Bg7 5. Bg2 b5 6. O-O Nf6 7. Na3 a6 8. c4 b4
9. Nc2 a5 10. Nd2 O-O 11. e4 Nbd7 12. Ne3 Ne5 13. Qc2 Nfg4 14. Nf3 a4 15. Nxe5
Nxe5 16. f4 Nd7 17. a3 Nb6 18. axb4 cxb4 19. c5 dxc5 20. Qxc5 Qd6 21. Qxd6 exd6
22. Nc2 b3 23. Na3 Ba6 24. Rd1 Rfc8 25. Rd2 Nc4 26. Nxc4 Rxc4 27. Rb1 Rac8 28.
Rd1 Rxc1 29. Rdxc1 Rxc1+ 30. Rxc1 Bxb2 31. Rc6 Bd4+ 32. Kh1 b2
0-1

[Event "Landsturneringen 2015"]
[Site "Oppsal arena, Oslo"]
[Date "2015.07.04"]
[Round "1"]
[White "Machlik, Monika"]
[Black "Rødsmoen, Maud"]
[Result "1-0"]
[WhiteElo "2042"]
[BlackElo "1826"]
[PlyCount "117"]
[EventDate "2015.??.??"]

1. d4 Nf6 2. c4 e6 3. Nc3 Bb4 4. Qc2 O-O 5. a3 Bxc3+ 6. Qxc3 b6 7. Bg5 Bb7 8.
Nf3 d6 9. e3 Nbd7 10. Bd3 h6 11. Bh4 c5 12. O-O Rc8 13. Qc2 cxd4 14. exd4 b5
15. Qe2 bxc4 16. Bxc4 Nb6 17. Ba6 Bxa6 18. Qxa6 Rc7 19. Nd2 Qe7 20. Ne4 Rfc8
21. Nc3 Rc4 22. Rad1 R8c6 23. Qb5 d5 24. Rfe1 Qd8 25. Qa5 Rc7 26. Nb5 Ra4 27.
Qd2 Rb7 28. b3 Ra6 29. a4 Nbd7 30. Rc1 Rab6 31. Qa5 a6 32. Na3 Qa8 33. Nb5 Qd8
34. Nd6 Rc7 35. Ne8 Rxc1 36. Nxf6+ Nxf6 37. Rxc1 Qb8 38. Bg3 Qa7 39. Rc8+ Kh7
40. Qc5 Qb7 41. Rc7 Qb8 42. Qc2+ Ne4 43. Rc3 Qf8 44. f3 f5 45. fxe4 fxe4 46.
Be5 Rb7 47. h3 Rf7 48. Qe2 Qa3 49. Qe1 Qb2 50. Rg3 g6 51. Qc3 Qf2+ 52. Kh2 g5
53. Qc8 Qf5 54. Qh8+ Kg6 55. h4 g4 56. Rxg4+ Qxg4 57. Qg8+ Kh5 58. Qxf7+ Qg6
59. g4+
1-0

[Event "Landsturneringen 2015"]
[Site "Oppsal arena, Oslo"]
[Date "2015.07.04"]
[Round "1"]
[White "Rasmussen, Jonas H"]
[Black "Ranaldi, Lucas"]
[Result "0-1"]
[WhiteElo "1778"]
[BlackElo "2028"]
[PlyCount "90"]
[EventDate "2015.??.??"]

1. d4 Nf6 2. c4 e6 3. Nc3 Bb4 4. Nf3 c5 5. Bg5 Qa5 6. Qc2 cxd4 7. Bxf6 dxc3 8.
Bxc3 Bxc3+ 9. Qxc3 Qxc3+ 10. bxc3 b6 11. Nd4 Nc6 12. Nb5 Ke7 13. e3 d6 14. Be2
Na5 15. O-O Bb7 16. Rfd1 Rhd8 17. Rd2 Bc6 18. Rad1 Bxb5 19. cxb5 Rac8 20. Rc1
Rc5 21. Kf1 Rdc8 22. Rdc2 d5 23. Ke1 Nb7 24. Kd2 Nd6 25. c4 dxc4 26. a4 c3+ 27.
Ke1 Nb7 28. Rb1 Na5 29. Rb4 g5 30. g3 f5 31. h3 Rd8 32. h4 h6 33. hxg5 hxg5 34.
g4 Rh8 35. Bf3 Rhc8 36. gxf5 exf5 37. Be2 Rd8 38. Bf1 Ke6 39. Be2 Rh8 40. Bd3
Rh1+ 41. Ke2 g4 42. Rf4 Kf6 43. e4 Nb3 44. e5+ Rxe5+ 45. Be4 Nd4+
0-1

[Event "Landsturneringen 2015"]
[Site "Oppsal arena, Oslo"]
[Date "2015.07.04"]
[Round "1"]
[White "Kyrkjebø, Hanna B"]
[Black "Machlik, Edit"]
[Result "0-1"]
[WhiteElo "1711"]
[BlackElo "2014"]
[PlyCount "220"]
[EventDate "2015.??.??"]

1. e4 c5 2. Nc3 Nc6 3. Bb5 Nd4 4. Bc4 e6 5. Nf3 Nf6 6. O-O a6 7. d3 b5 8. Bb3
Nxb3 9. axb3 Bb7 10. e5 Nd5 11. Ne4 d6 12. exd6 Bxd6 13. Bg5 Qb6 14. Nxd6+ Qxd6
15. Re1 O-O 16. Bh4 Ne7 17. Bg3 Qc6 18. Qe2 Nf5 19. Qf1 Rfd8 20. Bf4 Rac8 21.
Rac1 h6 22. h3 Ba8 23. Nd2 Nh4 24. f3 Qd5 25. Qf2 Nf5 26. Ne4 Qd4 27. Qxd4 cxd4
28. b4 Rc6 29. Nc5 a5 30. Bd2 Ne7 31. c3 dxc3 32. bxc3 axb4 33. cxb4 Rcc8 34.
Ra1 Bd5 35. Ra5 Bc6 36. Rc1 Ra8 37. Rca1 Nd5 38. Ra6 Rxa6 39. Rxa6 Rc8 40. Kf2
Kf8 41. Ra7 Ra8 42. Rxa8+ Bxa8 43. Ke2 Ke7 44. Nb3 Kd6 45. d4 Bc6 46. Nc5 g5
47. Nd3 f6 48. h4 Ne7 49. hxg5 hxg5 50. Nc5 Nf5 51. Kd3 Nh4 52. f4 gxf4 53.
Bxf4+ e5 54. dxe5+ fxe5 55. Bg3 Nf5 56. Bf2 Bxg2 57. Ne4+ Bxe4+ 58. Kxe4 Ke6
59. Bg1 Nd6+ 60. Kd3 Kd5 61. Bh2 Nc4 62. Bg1 e4+ 63. Kc3 Ne5 64. Be3 Nc6 65.
Bc5 Ke5 66. Kd2 Kf4 67. Ke2 Ne5 68. Bd6 Kf5 69. Bc5 Nd3 70. Bd6 Ke6 71. Bf8 Kd5
72. Ke3 Ne5 73. Bc5 Nd3 74. Bf8 Nb2 75. Bc5 Nc4+ 76. Ke2 Ke5 77. Ba7 Kf4 78.
Bb8+ Ne5 79. Bd6 Kf5 80. Bc5 Nd3 81. Bf8 Nf4+ 82. Ke3 Nd3 83. Ke2 Ne5 84. Ke3
Nd7 85. Bd6 Ke6 86. Bc7 Kd5 87. Bd8 Ne5 88. Be7 Ng4+ 89. Ke2 Kd4 90. Bc5+ Kc3
91. Bf8 Kc4 92. Bc5 Ne5 93. Ke3 Nd3 94. Bf8 Kd5 95. Ke2 Ne5 96. Ke3 Ng6 97. Bc5
Nh4 98. Ke2 Nf5 99. Bf8 e3 100. Kd3 Ke5 101. Bc5 Kf4 102. Ke2 Ke4 103. Bb6 Nd4+
104. Kd1 Kd3 105. Bd8 e2+ 106. Ke1 Nc2+ 107. Kf2 e1=Q+ 108. Kf3 Nd4+ 109. Kg4
Qe6+ 110. Kg3 Qd6+
0-1

[Event "Landsturneringen 2015"]
[Site "Oppsal arena, Oslo"]
[Date "2015.07.04"]
[Round "1"]
[White "Kaasen, Tor Fredrik"]
[Black "Kyrkjebø, Marte B"]
[Result "1-0"]
[WhiteElo "2010"]
[BlackElo "1699"]
[PlyCount "115"]
[EventDate "2015.??.??"]

1. d4 d5 2. c4 c6 3. Nf3 Nf6 4. e3 g6 5. Be2 Bg7 6. b3 O-O 7. Bb2 Bg4 8. Nbd2
e6 9. Ne5 Bxe2 10. Qxe2 Nbd7 11. f4 Qe7 12. O-O a5 13. a4 Rfe8 14. Ba3 Qd8 15.
Rad1 Nb6 16. Rf3 Nc8 17. c5 Ne7 18. Rh3 Nd7 19. Ndf3 f6 20. Ng4 Nf5 21. e4 dxe4
22. Qxe4 Nf8 23. Bb2 Qd5 24. Qd3 Rad8 25. Nf2 Nd7 26. Ne4 h5 27. Kh1 Nf8 28.
Ba1 Rb8 29. Nc3 Qd7 30. Ne2 Qc7 31. Bc3 Ne7 32. Nd2 Nd5 33. Nc4 Ra8 34. Be1 Ra7
35. Rf3 Rea8 36. Nd6 b6 37. Ne4 Rd8 38. Bg3 Qb7 39. Rc1 Qa6 40. cxb6 Qxb6 41.
Qc2 Nb4 42. Qc4 Re7 43. Be1 Rc8 44. f5 Nd5 45. fxg6 Nxg6 46. Nd6 Rcc7 47. Qd3
Nf8 48. Nc4 Qa6 49. Nxa5 Qa8 50. Rh3 e5 51. Rxh5 e4 52. Qc4 Ne6 53. Nxc6 Red7
54. Rxd5 Rxc6 55. Qxc6 Qxc6 56. Rxc6 Rxd5 57. Rxe6 Rxd4 58. Nxd4
1-0

[Event "Landsturneringen 2015"]
[Site "Oppsal arena, Oslo"]
[Date "2015.07.04"]
[Round "1"]
[White "Unhjem, Bjørn Robert Løvoll"]
[Black "Løbersli, Henrik Øie"]
[Result "1/2-1/2"]
[WhiteElo "1361"]
[BlackElo "2007"]
[PlyCount "75"]
[EventDate "2015.??.??"]

1. d4 Nf6 2. Nf3 e6 3. c4 b6 4. Nc3 Bb4 5. Bg5 h6 6. Bxf6 Qxf6 7. e3 Bb7 8. Bd3
O-O 9. O-O Bxc3 10. bxc3 d6 11. Qc2 Nd7 12. Be4 c6 13. a4 Qe7 14. a5 f5 15. a6
fxe4 16. axb7 Rab8 17. Qxe4 d5 18. cxd5 cxd5 19. Qd3 Rxb7 20. c4 Rc7 21. cxd5
exd5 22. Rfc1 Rfc8 23. Rxc7 Rxc7 24. Qf5 Qf7 25. Qxf7+ Kxf7 26. Kf1 Ke6 27. Ke2
Nf6 28. Nd2 Ne8 29. Kd3 Nd6 30. f3 Nb5 31. Rb1 Rc3+ 32. Ke2 Nd6 33. Rb3 Rc7 34.
Kd3 b5 35. e4 a6 36. Ra3 Rc6 37. Nb3 b4 38. Rxa6
1/2-1/2

[Event "Landsturneringen 2015"]
[Site "Oppsal arena, Oslo"]
[Date "2015.07.04"]
[Round "1"]
[White "Machlik, Endre"]
[Black "Eide, Adrian"]
[Result "0-1"]
[WhiteElo "2007"]
[BlackElo "1356"]
[PlyCount "100"]
[EventDate "2015.??.??"]

1. d4 Nf6 2. c4 g6 3. Nc3 d5 4. cxd5 Nxd5 5. Na4 Bg7 6. e4 Nb6 7. Be3 O-O 8.
Nf3 Bg4 9. Nc5 Qc8 10. Be2 Nc6 11. d5 Ne5 12. Nxe5 Bxe2 13. Qxe2 Bxe5 14. O-O
Nd7 15. f4 Bg7 16. h4 Nxc5 17. Bxc5 Qd7 18. Rad1 c6 19. d6 exd6 20. Rxd6 Qc7
21. Rfd1 Rfd8 22. e5 Bf8 23. f5 Bxd6 24. Bxd6 Qd7 25. f6 h5 26. Rd3 Qe6 27. b4
Qc4 28. Qd2 Kh7 29. Rd4 Qe6 30. Qc2 a5 31. a4 axb4 32. Rxb4 Rd7 33. Qc5 Qa2 34.
Qd4 Ra5 35. Qf4 Rd5 36. Bf8 Qd2 37. Qxd2 Rxd2 38. a5 Ra2 39. Re4 Kg8 40. Bb4
Ra4 41. Rf4 c5 42. Bd2 Rxf4 43. Bxf4 c4 44. Kf2 c3 45. Ke2 c2 46. Bd2 Kf8 47.
g3 Rd5 48. Bh6+ Ke8 49. Bd2 Kd7 50. Ke3 Rxa5
0-1

[Event "Landsturneringen 2015"]
[Site "Oppsal arena, Oslo"]
[Date "2015.07.05"]
[Round "2"]
[White "Ranaldi, Lucas"]
[Black "Mihajlov, Sebastian"]
[Result "0-1"]
[WhiteElo "2028"]
[BlackElo "2246"]
[PlyCount "108"]
[EventDate "2015.??.??"]

1. d4 d5 2. c4 c6 3. Nf3 Nf6 4. e3 Bg4 5. Qb3 Qb6 6. Ne5 Bf5 7. Nc3 e6 8. Be2
Qxb3 9. axb3 Bc2 10. Bd1 Bxd1 11. Nxd1 Bd6 12. Nd3 Nbd7 13. c5 Bc7 14. Bd2 e5
15. dxe5 Ne4 16. b4 Nxd2 17. Kxd2 Nxe5 18. f4 Nxd3 19. Kxd3 a6 20. Nc3 O-O-O
21. Ne2 Rhe8 22. Nd4 Re4 23. Rhf1 Rde8 24. Rf3 g6 25. g4 f6 26. Rg1 Kd7 27. g5
fxg5 28. Rxg5 Bd8 29. Rg1 Bf6 30. f5 gxf5 31. Nxf5 Rxb4 32. Nd6 Re6 33. Rgf1
Be7 34. Kc3 a5 35. Ra1 b6 36. Rf7 Rxe3+ 37. Kd2 Re5 38. Nf5 Ke8 39. Rxe7+ Rxe7
40. Nxe7 Kxe7 41. cxb6 Rxb2+ 42. Kc3 Rxb6 43. Rxa5 Rb7 44. Ra8 Kd6 45. Kd4 c5+
46. Kc3 Rf7 47. Rd8+ Ke6 48. Re8+ Kd7 49. Ra8 Rf3+ 50. Kd2 Rf2+ 51. Ke3 Rxh2
52. Ra7+ Kd6 53. Ra8 Rh3+ 54. Kf4 c4  
0-1

[Event "Landsturneringen 2015"]
[Site "Oppsal arena, Oslo"]
[Date "2015.07.05"]
[Round "2"]
[White "Haldorsen, Benjamin"]
[Black "Machlik, Monika"]
[Result "1-0"]
[WhiteElo "2194"]
[BlackElo "2042"]
[PlyCount "93"]
[EventDate "2015.??.??"]

1. e4 c6 2. d4 d5 3. Nc3 dxe4 4. Nxe4 Bf5 5. Ng3 Bg6 6. h4 h6 7. Nf3 Nd7 8. h5
Bh7 9. Bd3 Bxd3 10. Qxd3 e6 11. Bd2 Qc7 12. O-O-O Ngf6 13. Kb1 O-O-O 14. Ne4
Nc5 15. Nxc5 Bxc5 16. c3 Bd6 17. Qe2 c5 18. Rh4 Kb8 19. c4 Ka8 20. Bc3 cxd4 21.
Nxd4 Bc5 22. Rc1 Qb6 23. Nb3 Qc6 24. f3 Rd7 25. Rhh1 Rhd8 26. g4 Be7 27. Rhf1
Rd3 28. c5 Qa6 29. Rfe1 Nd5 30. Bxg7 Bg5 31. c6 Nb4 32. cxb7+ Qxb7 33. Rc3 R3d5
34. Nc5 Qb6 35. Ne4 Nd3 36. Rf1 Bf4 37. Rb3 Qa6 38. Nc3 R5d6 39. Rd1 Nc5 40.
Rxd6 Qxd6 41. Rb5 f5 42. a3 a6 43. Rb4 Qc7 44. Bd4 Rxd4 45. Rxd4 Be5 46. Rc4
Qd6 47. f4 
1-0

[Event "Landsturneringen 2015"]
[Site "Oppsal arena, Oslo"]
[Date "2015.07.05"]
[Round "2"]
[White "Machlik, Edit"]
[Black "Haug, Johannes"]
[Result "0-1"]
[WhiteElo "2014"]
[BlackElo "2179"]
[PlyCount "70"]
[EventDate "2015.??.??"]

1. d4 f5 2. c4 Nf6 3. Nf3 d6 4. g3 g6 5. Bg2 Bg7 6. O-O O-O 7. Nbd2 a5 8. Rb1
c6 9. b3 Qc7 10. Bb2 Re8 11. Rc1 e5 12. dxe5 dxe5 13. e4 Na6 14. Qe2 Nc5 15.
Ne1 Ncxe4 16. Nxe4 Nxe4 17. Bxe4 fxe4 18. Qxe4 Bf5 19. Qe3 Rad8 20. Nf3 Rd3 21.
Qe2 e4 22. Ne1 Rdd8 23. Bxg7 Qxg7 24. Ng2 e3 25. Rfd1 exf2+ 26. Qxf2 Rxd1+ 27.
Rxd1 Qc3 28. Qd2 Qxd2 29. Rxd2 b5 30. cxb5 cxb5 31. a3 Rc8 32. Rd5 Rc1+ 33. Kf2
Rc2+ 34. Kg1 Rxg2+ 35. Kf1 Ra2
0-1

[Event "Landsturneringen 2015"]
[Site "Oppsal arena, Oslo"]
[Date "2015.07.05"]
[Round "2"]
[White "Tryggestad, Andreas G"]
[Black "Nilsen, Martin"]
[Result "0-1"]
[WhiteElo "2139"]
[BlackElo "2021"]
[PlyCount "66"]
[EventDate "2015.??.??"]

1. e4 e5 2. Nf3 Nc6 3. Bb5 g6 4. O-O Bg7 5. c3 a6 6. Ba4 d6 7. d4 Bd7 8. Be3
Nf6 9. Nbd2 O-O 10. h3 Qe8 11. Bc2 Nh5 12. dxe5 Nxe5 13. Nxe5 Qxe5 14. f4 Qe7
15. Qf3 Bc6 16. Bd4 f5 17. Bxg7 Kxg7 18. g3 fxe4 19. Bxe4 Nxg3 20. Qxg3 Bxe4
21. Rae1 d5 22. Nf3 Rae8 23. Kh2 Qf6 24. Ne5 Re7 25. b3 Bf5 26. Qe3 Qh4 27.
Nxg6 Rxe3 28. Nxh4 Rxh3+ 29. Kg2 Rxh4 30. Kg3 Rg4+ 31. Kf3 Rxf4+ 32. Kxf4 Bd3+
33. Ke5 Rxf1
0-1

[Event "Landsturneringen 2015"]
[Site "Oppsal arena, Oslo"]
[Date "2015.07.05"]
[Round "2"]
[White "Eide, Adrian"]
[Black "Risting, Eivind Olav"]
[Result "1/2-1/2"]
[WhiteElo "1356"]
[BlackElo "2087"]
[PlyCount "135"]
[EventDate "2015.??.??"]

1. c4 e5 2. Nc3 Nf6 3. g3 c6 4. d4 exd4 5. Qxd4 d5 6. cxd5 cxd5 7. Bg2 Nc6 8.
Qa4 Be6 9. Nf3 Bc5 10. O-O O-O 11. Bg5 h6 12. Bxf6 Qxf6 13. Rfd1 Rfd8 14. Rac1
Bb6 15. e3 h5 16. b3 Bg4 17. Qf4 Qxf4 18. exf4 d4 19. Na4 Rd6 20. Nb2 f6 21.
Nc4 Rd7 22. h3 Be6 23. Ne1 Bd5 24. Bxd5+ Rxd5 25. Nd3 Bd8 26. Rc2 Be7 27. Re2
Kf7 28. Kg2 Rc8 29. Kf3 Bf8 30. g4 b5 31. Ncb2 Nb4 32. Nxb4 Bxb4 33. Nd3 Bc3
34. f5 hxg4+ 35. hxg4 Rd6 36. Nf4 Ba5 37. Rd3 Rc1 38. Ne6 Bc3 39. Ke4 Rg1 40.
f3 Rf1 41. Kf4 Ra1 42. Rh2 g5+ 43. Kg3 Be1+ 44. Kh3 Bc3 45. Kg3 Rxe6 46. fxe6+
Kxe6 47. f4 Kd5 48. Kf3 Rf1+ 49. Rf2 Rxf2+ 50. Kxf2 Ke4 51. fxg5 fxg5 52. Rf3
Bd2 53. Ke2 Bf4 54. Rh3 Be3 55. Rh7 d3+ 56. Kd1 Kf3 57. Rd7 Kxg4 58. Rxd3 Kf3
59. Ke1 g4 60. Rd7 g3 61. Rf7+ Kg2 62. Ke2 Bf2 63. Rh7 Bg1 64. Rh6 Bh2 65. Rg6
Bg1 66. Rh6 Bh2 67. Rg6 Bg1 68. Rh6
1/2-1/2

[Event "Landsturneringen 2015"]
[Site "Oppsal arena, Oslo"]
[Date "2015.07.05"]
[Round "2"]
[White "Løbersli, Henrik Øie"]
[Black "Kaasen, Tor Fredrik"]
[Result "1-0"]
[WhiteElo "2007"]
[BlackElo "2010"]
[PlyCount "51"]
[EventDate "2015.??.??"]

1. e4 e6 2. d4 d5 3. Nc3 Bb4 4. e5 c5 5. a3 Bxc3+ 6. bxc3 Qa5 7. Bd2 Qa4 8. Qg4
g6 9. Nf3 Qxc2 10. Rc1 Qe4+ 11. Qxe4 dxe4 12. Ng5 f5 13. exf6 Nxf6 14. Bc4 Ke7
15. f3 exf3 16. O-O fxg2 17. Rfe1 Nc6 18. Nxe6 Na5 19. Nxc5+ Kd6 20. Ba2 Bf5
21. Bf4+ Kc6 22. Ne6 Rhe8 23. d5+ Nxd5 24. Bxd5+ Kxd5 25. Nc7+ Kc4 26. Nxe8
1-0

[Event "Landsturneringen 2015"]
[Site "Oppsal arena, Oslo"]
[Date "2015.07.05"]
[Round "2"]
[White "Kjøita, Torgeir Jakhelln"]
[Black "Unhjem, Bjørn Robert Løvoll"]
[Result "1-0"]
[WhiteElo "2000"]
[BlackElo "1361"]
[PlyCount "53"]
[EventDate "2015.??.??"]

1. e4 c5 2. Nf3 d6 3. d4 cxd4 4. Nxd4 Nf6 5. Nc3 g6 6. Bc4 Bg7 7. f3 O-O 8. Be3
Nc6 9. Qd2 Bd7 10. h4 h5 11. O-O-O Rc8 12. Bb3 Na5 13. g4 Nxb3+ 14. axb3 hxg4
15. h5 Nxh5 16. fxg4 Ng3 17. Rhg1 Rxc3 18. Rxg3 Rxe3 19. Qxe3 Be5 20. Rg2 Qb6
21. Kb1 Rc8 22. c3 a5 23. Qh3 a4 24. Rh1 axb3 25. Qh7+ Kf8 26. Rf2 Be8 27. Ne6#
1-0

[Event "Landsturneringen 2015"]
[Site "Oppsal arena, Oslo"]
[Date "2015.07.05"]
[Round "2"]
[White "Rødsmoen, Maud"]
[Black "Machlik, Endre"]
[Result "0-1"]
[WhiteElo "1826"]
[BlackElo "2007"]
[PlyCount "78"]
[EventDate "2015.??.??"]

1. e4 c6 2. Nf3 d5 3. Nc3 Bg4 4. h3 Bxf3 5. Qxf3 e6 6. d4 dxe4 7. Qxe4 Nf6 8.
Qh4 Be7 9. Bd3 Nbd7 10. O-O Qb6 11. Rb1 h6 12. Be3 Nd5 13. Nxd5 cxd5 14. Qg3 g5
15. Rfc1 f5 16. Qf3 Nf6 17. c4 O-O 18. Qe2 Rf7 19. c5 Qc7 20. Bd2 Ne4 21. Be1
Bf6 22. Bc3 Re8 23. f3 Ng3 24. Qc2 Qf4 25. Qf2 g4 26. fxg4 Qxf2+ 27. Kxf2 Bh4
28. gxf5 exf5 29. Kg1 Re3 30. Bf1 Rg7 31. Rc2 Ne4 32. Kh1 f4 33. Bd2 Ng3+ 34.
Kh2 Nxf1+ 35. Rxf1 Re2 36. Rg1 Bf2 37. Rgc1 Bxd4 38. Kh1 Rgxg2 39. Bxf4 Rxc2
0-1

[Event "Landsturneringen 2015"]
[Site "Oppsal arena, Oslo"]
[Date "2015.07.05"]
[Round "2"]
[White "Sajjadi, Kimiya"]
[Black "Dahl, Trygve"]
[Result "0-1"]
[WhiteElo "1730"]
[BlackElo "1968"]
[PlyCount "92"]
[EventDate "2015.??.??"]

1. d4 f5 2. c4 Nf6 3. g3 e6 4. Bg2 Be7 5. Nf3 O-O 6. O-O d6 7. Nc3 a5 8. Re1
Ne4 9. Qc2 Nxc3 10. Qxc3 d5 11. Qc2 Nd7 12. c5 Bf6 13. b3 g5 14. Bb2 c6 15. a3
Qc7 16. Qc3 b6 17. b4 bxc5 18. bxc5 Ba6 19. Qe3 Rfe8 20. Ne5 Rab8 21. Nxd7 Qxd7
22. Bc3 Rb3 23. Qd2 Reb8 24. Bxa5 Rb2 25. Qd1 e5 26. dxe5 Bxe5 27. Rc1 Qg7 28.
Bb4 Bc4 29. Qa4 Bb5 30. Qd1 Ra2 31. Bxd5+ cxd5 32. Qxd5+ Qf7 33. Qxe5 Re8 34.
Qd4 h6 35. Bc3 Kh7 36. Bb4 Bc6 37. e3 Re4 38. Qd3 Qh5 39. Re2 Qxe2 40. Qxe2
Rxe2 41. Rd1 Re6 42. h3 Kg6 43. Ra1 f4 44. a4 fxe3 45. fxe3 R2xe3 46. Kh2 R6e4
0-1

[Event "Landsturneringen 2015"]
[Site "Oppsal arena, Oslo"]
[Date "2015.07.05"]
[Round "2"]
[White "Machlik, Jon"]
[Black "Skagen, Bjørn"]
[Result "1-0"]
[WhiteElo "1929"]
[BlackElo "1846"]
[PlyCount "57"]
[EventDate "2015.??.??"]

1. e4 e6 2. d4 d5 3. Nd2 c5 4. Ngf3 Nc6 5. exd5 Qxd5 6. Bc4 Qd8 7. dxc5 Bxc5 8.
O-O Nf6 9. b3 Qe7 10. a3 Bd7 11. b4 Bd6 12. Bb2 Bc7 13. Qe2 O-O 14. Rfe1 Bb6
15. Bb3 Rac8 16. Rad1 Rfd8 17. c4 Qf8 18. Bc2 Qe7 19. Ne4 Ng4 20. h3 Nh6 21.
Nd6 Rb8 22. Nd2 Be8 23. c5 Bc7 24. N2c4 b6 25. Nxe8 Rxd1 26. Rxd1 Rxe8 27. Qe4
f5 28. Qxc6 Rc8 29. Qd7
1-0

[Event "Landsturneringen 2015"]
[Site "Oppsal arena, Oslo"]
[Date "2015.07.05"]
[Round "2"]
[White "Kyrkjebø, Marte B"]
[Black "Grønn, Eskil Ekeland"]
[Result "0-1"]
[WhiteElo "1699"]
[BlackElo "1924"]
[PlyCount "94"]
[EventDate "2015.??.??"]

1. e4 c5 2. Nc3 Nc6 3. f4 e6 4. Nf3 d6 5. Bb5 Nge7 6. O-O a6 7. Bxc6+ Nxc6 8.
d3 b5 9. Qe1 Be7 10. Be3 Qb6 11. Ne2 Bb7 12. c3 a5 13. Ng3 O-O-O 14. b4 d5 15.
bxc5 Bxc5 16. Bxc5 Qxc5+ 17. d4 Qc4 18. e5 Kd7 19. Qd2 g6 20. Qb2 b4 21. Rfc1
Qd3 22. Qe2 Qxe2 23. Nxe2 Ba6 24. Kf2 Rb8 25. Rc2 bxc3 26. Nxc3 Nb4 27. Rd2
Rhc8 28. Na4 Nd3+ 29. Ke3 Rb4 30. Rxd3 Rxa4 31. Rd2 Rc3+ 32. Kf2 h6 33. Rb1 Kc7
34. Rbb2 Bc4 35. Rdc2 Rxc2+ 36. Rxc2 Rxa2 37. Ne1 a4 38. Rxa2 Bxa2 39. Nc2 Kb6
40. Ke3 Kb5 41. Kd3 Bb1 42. Kc3 Bxc2 43. Kxc2 Kc4 44. Kb2 Kxd4 45. Kc2 Ke3 46.
g3 d4 47. Kd1 a3
0-1

[Event "Landsturneringen 2015"]
[Site "Oppsal arena, Oslo"]
[Date "2015.07.05"]
[Round "2"]
[White "Nordquelle, Daniel"]
[Black "Rasmussen, Jonas H"]
[Result "1-0"]
[WhiteElo "1870"]
[BlackElo "1778"]
[PlyCount "57"]
[EventDate "2015.??.??"]

1. e4 e5 2. Nf3 Nc6 3. Bc4 Bc5 4. c3 Nf6 5. b4 Bb6 6. d3 h6 7. O-O O-O 8. a4 a6
9. Be3 Bxe3 10. fxe3 d6 11. h3 d5 12. exd5 Nxd5 13. Qe2 Be6 14. Bxd5 Bxd5 15.
e4 Be6 16. Na3 Qd7 17. b5 axb5 18. axb5 Ne7 19. Nxe5 Qd6 20. Nac4 Bxc4 21. Nxc4
Qc5+ 22. Kh1 Qxb5 23. Rfb1 Qc6 24. Qf3 Ng6 25. Ne3 Ne5 26. Qg3 Qxc3 27. Nd5 Qd4
28. Ne7+ Kh7 29. Nf5
1-0

[Event "Landsturneringen 2015"]
[Site "Oppsal arena, Oslo"]
[Date "2015.07.06"]
[Round "3"]
[White "Mihajlov, Sebastian"]
[Black "Kjøita, Henning Jakhelln"]
[Result "1-0"]
[WhiteElo "2246"]
[BlackElo "2052"]
[PlyCount "89"]
[EventDate "2015.??.??"]

1. d4 Nf6 2. c4 c5 3. d5 b5 4. cxb5 a6 5. f3 g6 6. e4 d6 7. Na3 Bg7 8. Ne2 O-O
9. Nc3 Nbd7 10. Be2 Nb6 11. O-O e6 12. dxe6 fxe6 13. e5 dxe5 14. Qxd8 Rxd8 15.
Be3 Nfd5 16. Rfd1 Bf8 17. Ne4 Nd7 18. Bg5 Re8 19. Nc4 Bb7 20. Ned6 Reb8 21.
Nxb7 Rxb7 22. bxa6 Rxa6 23. Nxe5 Ra8 24. Nxd7 Rxd7 25. Rd2 Bg7 26. Bc4 Bd4+ 27.
Kf1 Rb7 28. Re1 Kf7 29. Rde2 Rxb2 30. Rxb2 Bxb2 31. Rb1 Rb8 32. Bxd5 exd5 33.
Bf4 Rb4 34. Bd2 Bc3 35. Rxb4 Bxb4 36. Bxb4 cxb4 37. Ke2 g5 38. Ke3 Ke6 39. Kd4
Kd6 40. Ke3 Ke5 41. Kd3 Ke6 42. Kd4 Kd6 43. g3 Kc6 44. f4 g4 45. Ke5 
1-0